00651nam a2200253Ia 4500008004000000020001800040041000800058082001600066100002200082245009100104260004500195300001200240650001300252650001500265650001500280650001700295650001000312650000800322650000900330650001400339650000800353650001300361700002300374210210b2006 xxu||||| |||| 00| 0 eng d a9780195687088 aeng a540.72 HIBD aHIBBERT (D Brynn) aData analysis for chemistrybIntroductory guide for students and laboratory scientists aNew YorkbOxford University Pressc2006 axii,177 astudents ascientists alaboratory aIntroductory aguide afor aData achemistry aand aanalysis aGOODING (J Justin)